Richard Pryor Filmography - Statistics

General Stats
  • This quiz has been taken 21 times
    10 since last reset
  • The average score is 39 of 103
Answer Stats
Type Year Name % Correct
Film 1985 Brewster's Millions
83%
Film 1988 Moving
83%
Stand-Up Film 1982 Richard Pryor: Live on the Sunset Strip
83%
TV Show 1975 Saturday Night Live
83%
Film 1989 See No Evil, Hear No Evil
83%
Film 1976 Silver Streak
83%
Film 1983 Superman III
83%
TV Show 1977 The Richard Pryor Show
83%
Film 1981 Bustin' Loose
67%
Film 1978 California Suite
67%
Film 1976 Car Wash
67%
Film 1977 Greased Lightning
67%
Film 1989 Harlem Nights
67%
TV Show 1984 Pryor's Place
67%
Stand-Up Film 1983 Richard Pryor: Here and Now
67%
Film 1980 Stir Crazy
67%
Film 1982 The Toy
67%
Film 1976 Adiós Amigo
50%
Film 1991 Another You
50%
Film 1978 Blue Collar
50%
TV Film 1970 Carter's Army
50%
Film 1987 Critical Condition
50%
Film 1971 Dynamite Chicken
50%
TV Show 1973-1974 Flip
50%
Film 1973 Hit!
50%
Film 1986 Jo Jo Dancer, Your Life Is Calling
50%
Film 1972 Lady Sings the Blues
50%
Film 1997 Lost Highway
50%
Film 1996 Mad Dog Time
50%
Stand-Up Film 1979 Richard Pryor: Live in Concert
50%
Film 1973 Some Call It Loving
50%
Award Show 1977 The 49th Annual Academy Awards
50%
Award Show 1983 The 55th Annual Academy Awards
50%
Film 1967 The Busy Body
50%
TV Show 1965-1970 The Ed Sullivan Show
50%
Film 1973 The Mack
50%
Film 1979 The Muppet Movie
50%
TV Show 1999 The Norm Show
50%
Film 1970 The Phynx
50%
Film 1978 The Wiz
50%
Film 1974 Uptown Saturday Night
50%
Film 1977 Which Way Is Up?
50%
Film 1980 Wholly Moses!
50%
Film 1968 Wild in the Streets
50%
Documentary 2003 Bitter Jester
33%
TV Show 1996 Chicago Hope
33%
TV Documentary 1982 Hollywood: The Gift of Laughter
33%
Documentary 2019 I Am Richard Pryor
33%
Film 1980 In God We Tru$t
33%
Music Video 1984 Keeping the Faith
33%
TV Special 1973 Lily
33%
TV Show 1996 Malcolm & Eddie
33%
TV Show 1993 Martin
33%
Documentary 2014 Richard Pryor: Icon
33%
Stand-Up Film 1971 Richard Pryor: Live & Smokin'
33%
TV Show 1978-1988 Sesame Street
33%
Film 1982 Some Kind of Hero
33%
TV Show 1973, 1975, 1977 Soul Train
33%
Film 1976 The Bingo Long Traveling All-Stars & Motor Kings
33%
TV Show 1966 The Kraft Summer Music Hall
33%
TV Show 1965-1974 The Merv Griffin Show
33%
TV Show 1972, 1973, 1974 The Midnight Special
33%
TV Show 1965-1975 The Mike Douglas Show
33%
TV Show 1972 The Mod Squad
33%
TV Show 1971 The Partridge Family
33%
TV Show 1968 The Pat Boone Show
33%
TV Special 1977 The Richard Pryor Special?
33%
TV Show 1970 The Smothers Brothers Summer Show
33%
TV Show 1968 The Steve Allen Show
33%
Film 1991 The Three Muscatels
33%
TV Show 1966 The Wild Wild West
33%
TV Show 1969 The Young Lawyers
33%
Short Film 1969 Uncle Tom's Fairy Tales
33%
Film 1968 Uncle Tom's Fairy Tales: The Movie for Homosexuals
33%
Film 1971 You've Got to Walk It Like You Talk It or You'll Lose That Beat
33%
TV Show 1967 ABC Stage 67
17%
TV Show 1967 Away We Go
17%
Documentary 2017 Coming Into My Own: The Lost Children of Richard Pryor
17%
TV Show 1979-1980 Laugh Factory
17%
TV Special 1983 Motown 25: Yesterday, Today, Forever
17%
TV Show 1964, 1965 On Broadway Tonight
17%
TV Show 1968 Operation: Entertainment
17%
TV Special 2003 Richard Pryor: I Ain't Dead Yet, #*%$#@!!
17%
TV Documentary 2013 Richard Pryor: Omit the Logic
17%
TV Show 1975, 1977 Sammy and Company
17%
TV Show 1977 The David Steinberg Show
17%
TV Special 1973 The Lily Tomlin Show
17%
TV Special 1999 The Mark Twain Prize: Richard Pryor
17%
TV Show 1966 The Roger Miller Show
17%
Documentary 1994 A Century of Cinema
0%
TV Special 1991 A Party for Richard Pryor
0%
Documentary Series 1996 Biography
0%
Film 2009 Black Dynamite
0%
TV Show 1964 CBC Show of the Week
0%
TV Special 1978 Celebrity Boxing Match at the Olympic Auditorium
0%
TV Show 1979 Hot Hero Sandwich
0%
TV Documentary 2006 Life of Pryor: The Richard Pryor Story
0%
Film 2000 Me, Myself & Irene
0%
Short TV Documentary 2005 Richard Pryor: The Funniest Man Dead or Alive
0%
TV Show 1968 The Kraft Music Hall
0%
Short Film 1975 The Lion Roars Again
0%
TV Show 1972, 1973 The New Bill Cosby Show
0%
TV Show 1968 The Rosey Grier Show
0%
No matching quizzes found
Score Distribution
Percent of People with Each Score
Percentile by Number Answered
Your Score History
You have not taken this quiz since the last reset